[Event "GER-ch U08"]
[Site "Willingen"]
[Date "2024.05.23"]
[Round "3"]
[White "Wang, Kaichen"]
[Black "Rudnizki, Valentin"]
[Result "1/2-1/2"]
[WhiteElo "1599"]
[BlackElo "1319"]
[PlyCount "129"]
[EventDate "2024.05.22"]
[EventType "swiss"]
[EventRounds "7"]
[EventCountry "GER"]
[SourceTitle "CBM 220 Extra"]
[Source "ChessBase"]
[SourceDate "2024.07.31"]
[SourceVersion "1"]
[SourceVersionDate "2024.07.31"]
[SourceQuality "1"]

1. d4 Nf6 2. c4 d5 3. cxd5 Nxd5 4. e4 Nb6 5. Nc3 e6 6. Nf3 c5 7. Bf4 Nc6 8. d5 exd5 9. exd5 Nb4 10. d6 Bf5 11. Rc1 a6 12. a3 Nc6 13. Be2 Nc8 14. 0-0 Bxd6 15. Bxd6 Nxd6 16. Re1 0-0 17. Qd5 Re8 18. Rcd1 Re6 19. Bf1 Rf6 20. h3 Qc7 21. Qxc5 Rd8 22. Nd5 Qb8 23. Nxf6+ gxf6 24. Bd3 Bxd3 25. Rxd3 Nb5 26. Rxd8+ Qxd8 27. a4 Nc7 28. b4 Ne6 29. Qc4 Qf8 30. b5 axb5 31. Qxb5 Qb8 32. Rc1 Ncd4 33. Nxd4 Nxd4 34. Qb2 Qe5 35. Kf1 Kg7 36. Re1 Qd5 37. Rd1 Qc4+ 38. Kg1 Ne6 39. Qxb7 Qxa4 40. Re1 Ng5 41. Kh2 Qf4+ 42. Kg1 Qa4 43. Qd5 Qb4 44. Rf1 h5 45. f4 Ne6 46. Qxh5 Qd4+ 47. Kh1 Qd3 48. Qf3 Qd6 49. f5 Ng5 50. Qg4 Qd3 51. Rd1 Qe3 52. h4 Qe4 53. Qxe4 Nxe4 54. Kh2 Kh6 55. Re1 Nd6 56. g4 Kg7 57. h5 Kh6 58. Kg3 Kg5 59. Re2 Nc4 60. Re7 Ne5 61. Rxe5 fxe5 62. Kf3 f6 63. Ke4 Kh6 64. Kd5 Kg5 65. Kc4 1/2-1/2